Potencial de aporte en generación eléctrica en Costa Rica por parte de los ingenios azucareros mediante biomasa
保存先:
| 第一著者: | |
|---|---|
| その他の著者: | |
| フォーマット: | 図書 |
| 言語: | Spanish |
| 出版事項: |
[San José, Costa Rica]
2014
|
| 主題: | |
| タグ: |
タグ追加
タグなし, このレコードへの初めてのタグを付けませんか!
|
MARC
| LEADER | 00000nam a22000007a 4500 | ||
|---|---|---|---|
| 003 | 012157 | ||
| 005 | 20230824114847.0 | ||
| 008 | 150709b2014 cr a|||| |||| 00| ||spa d | ||
| 040 | |c cru CEDI | ||
| 090 | |a TFG 7322 | ||
| 100 | |9 1195 |a Sandoval Salazar, Jehiel, 1987- | ||
| 245 | |a Potencial de aporte en generación eléctrica en Costa Rica por parte de los ingenios azucareros mediante biomasa | ||
| 260 | |a [San José, Costa Rica] |c 2014 | ||
| 500 | |a Proyecto de graduación (bachillerato en ingeniería eléctrica)-- Universidad de Costa Rica. Facultad de Ingeniería. Escuela de Ingeniería Eléctrica | ||
| 501 | |a Datos tomado de la Hoja de Tribual. Profesor Guía de IE-0499 Proyecto Eléctrico: Ing. Toni Delgado Carvajal | ||
| 650 | |x ENERGIA ELECTRICA |x GENERACION DE ENERGIA - PRODUCCION |x DISTRIBUCION DE ENERGIA ELECTRICA |x RECURSOS ENERGETICOS RENOVABLES |9 825 | ||
| 700 | |9 723 |a Delgado Carvajal, Tony Eduardo, 1986- |d Director de Proyecto Eléctrico | ||
| 942 | |c CEDI | ||
| 999 | |c 13862 |d 13862 | ||
